000 00318nam a2200109Ia 4500
008 200302s9999 xx 000 0 und d
100 _aThomas Obermeyer
245 _aArchitectural Drafting Residential and Commercial Indian Edition
260 _bMcgraw- hill International Book co.,
260 _c1993
300 _a29-30
999 _c3662
_d3662